| 000 | 01185nam a2200229Ia 4500 | ||
|---|---|---|---|
| 003 | Ost | ||
| 005 | 20260507075216.0 | ||
| 008 | 260507s9999||||xx |||||||||||||| ||und|| | ||
| 040 | _cfsecg | ||
| 041 | _aara | ||
| 082 | _a330 | ||
| 100 |
_aالعلاق، بشير _eمؤلف |
||
| 245 | 0 |
_aالاتصال في المنظمات العامة : _bبين النظرية و الممارسة / _c بشير العلاق |
|
| 260 |
_aعمان: _bدار اليازوري, _c2009 |
||
| 300 |
_a232 صفحة؛ _bإيضاحات ؛ _c24 سم |
||
| 504 | _aمراجع ص.230 | ||
| 520 | _aمفهوم الاتصال و مستلزماته ، عملية الاتصال و عناصرها ، نماذج الاتصال ، أنواع الاتصال و نظرياته الموقفية في المنظمات العامة ،معوقات الاتصال و أساليب معالجتها في المنظمات العامة ، مهارات الاتصال في المنطمات العمة و المؤسسات الحكومية . | ||
| 653 | _aالاتصال ــ المنظمات العامة | ||
| 653 | _aالعلاقات العامة | ||
| 653 | _aالمؤسسات الحكومية | ||
| 942 | _cكتاب | ||
| 999 |
_c43498 _d43498 |
||